[Event "IECG CN.2000.0.00206"]
[Site "IECG email"]
[Date "2000.08.08"]
[Round "?"]
[White "Fleming, Christopher"]
[Black "Hennings, Wolfgang"]
[Result "0-1"]
[WhiteElo "800"]
[BlackElo "942"]
[PlyCount "82"]
[EventDate "2000.08.08"]
[EventType "tourn (corr)"]
[EventRounds "6"]
[SourceTitle "Corr 2008"]
[Source "ChessBase"]
[SourceDate "2008.06.24"]
[SourceVersion "1"]
[SourceVersionDate "2008.06.24"]
[SourceQuality "1"]

1. e4 c5 2. Nf3 d6 3. d4 cxd4 4. Nxd4 Nf6 5. Nc3 a6 6. Bg5 e6 7. f4 Qb6 8. Qd2 Qxb2 9. Rb1 Qa3 10. Be2 Be7 11. 0-0 Nbd7 12. Rb3 Qc5 13. Kh1 Qc7 14. Bf3 h6 15. Bxf6 Bxf6 16. g4 0-0 17. Bg2 Nb6 18. Rb4 e5 19. fxe5 Bg5 20. Qd3 dxe5 21. Nf5 Bxf5 22. Rxf5 Rac8 23. Nd5 Nxd5 24. exd5 Qxc2 25. Qf1 Qc7 26. Qd1 Qd6 27. Rb1 Bf4 28. a4 Rc7 29. Rh5 Rfc8 30. Bf1 Rc2 31. Rh3 Ra2 32. Qb3 Rcc2 33. Re1 Rxh2+ 34. Kg1 Qc5+ 35. Rhe3 Bxe3+ 36. Qxe3 Qxd5 37. Qe4 Qd2 38. Re2 Rxe2 39. Qxe2 Qd4+ 40. Kh1 Rxe2 41. Bxe2 Qe4+ 0-1